Power v Shah (Record no. 121398)
[ view plain ]
| 000 -LEADER | |
|---|---|
| fixed length control field | 01099cam a22002055a 4500 |
| 008 - FIXED-LENGTH DATA ELEMENTS--GENERAL INFORMATION | |
| fixed length control field | 230320s2023 xxk f g 000 0 eng d |
| 041 0# - LANGUAGE CODE | |
| Language code of text/sound track or separate title | eng |
| 245 00 - TITLE STATEMENT | |
| Title | Power v Shah |
| Medium | [electronic resource] |
| 260 ## - PUBLICATION, DISTRIBUTION, ETC. | |
| Name of publisher, distributor, etc. | CA (Civ Div), |
| Date of publication, distribution, etc. | 7 March 2023 |
| 520 ## - SUMMARY, ETC. | |
| Summary, etc. | [2023] EWCA Civ 239, 9 March 2023. Appeal dismissed. The dispute resolution mechanism provided for by the Party Wall etc. Act 1996 s.10 was only available where a building owner had served a party structure notice on their adjoining neighbour pursuant to s.3 of the Act in advance of proposed works to a party wall. An adjoining owner was not entitled unilaterally to invoke the Act and its dispute resolution mechanism if no s.3 notice had been served. |
| 520 ## - SUMMARY, ETC. | |
| Summary, etc. | (1) Ken Power<br/>(2) Lee Kyson<br/>v<br/>Raheel Shah |
| 590 ## - LOCAL NOTE (RLIN) | |
| Local note | KA |
| 650 24 - SUBJECT ADDED ENTRY--TOPICAL TERM | |
| Topical term or geographic name entry element | Party Wall etc. Act 1996 |
| 650 24 - SUBJECT ADDED ENTRY--TOPICAL TERM | |
| Topical term or geographic name entry element | PARTY WALLS |
| 650 24 - SUBJECT ADDED ENTRY--TOPICAL TERM | |
| Topical term or geographic name entry element | NEIGHBOUR DISPUTES |
| 651 #4 - SUBJECT ADDED ENTRY--GEOGRAPHIC NAME | |
| Geographic name | United Kingdom |
| 690 ## - LOCAL SUBJECT ADDED ENTRY--TOPICAL TERM (OCLC, RLIN) | |
| Topical term or geographic name as entry element | Party walls |
| 9 (RLIN) | 6258 |
| 856 40 - ELECTRONIC LOCATION AND ACCESS | |
| Uniform Resource Identifier | <a href="https://caselaw.nationalarchives.gov.uk/ewca/civ/2023/239">https://caselaw.nationalarchives.gov.uk/ewca/civ/2023/239</a> |
| Public note | View the law report free of charge at caselaw archives |
| 942 ## - ADDED ENTRY ELEMENTS (KOHA) | |
| Suppress in OPAC | 0 |
| Source of classification or shelving scheme | Dewey Decimal Classification |
| Withdrawn status | Lost status | Source of classification or shelving scheme | Damaged status | Not for loan | Home library | Current library | Shelving location | Date acquired | Total Checkouts | Date last seen | Price effective from | Koha item type |
|---|---|---|---|---|---|---|---|---|---|---|---|---|
| Dewey Decimal Classification | Virtual | Virtual | Online | 20/03/2023 | 20/03/2023 | 20/03/2023 | Law report |